| 000 | 00782nam a2200205 i 4500 | ||
|---|---|---|---|
| 001 | 41605 | ||
| 003 | ES-MaACL | ||
| 005 | 20251011063102.0 | ||
| 007 | t| | ||
| 008 | 030311q1890 sp ||||1| cat d | ||
| 100 | 1 |
_aCarreras i Candi, Francesc, _d1862-1937 _935674 |
|
| 245 | 1 | 0 |
_aFestas de la canonisació de Santa Maria de Cervelló ó del Socós en 1693 / _cper Francesc Carreras y Candi. |
| 260 |
_aBarcelona : _bEstampa "La Catalana" de Jaume Puigventós, _c[1890 o post.] |
||
| 300 |
_a64 p. ; _c22 cm. |
||
| 500 | _aFecha aproximada de edición obtenida de Palau. | ||
| 600 | 1 | 4 |
_aMaría de Cervelló _cSanta ( _d1230-1290)- _xBiografías. _9150529 |
| 650 | 4 |
_aFiestas religiosas- _zCataluña. _9150530 |
|
| 852 |
_aES-MaACL _jT-1001-F-4 |
||
| 999 |
_c41605 _d41605 |
||